[Event "XXXIII Torneo A2 di Capodanno"]
[Site "Reggio nell'Emilia ITA"]
[Date "1991.01.09"]
[Round "2"]
[White "Gulko, Boris F."]
[Black "Epishin, Vladimir V."]
[Result "1-0"]
[WhiteElo "2575"]
[BlackElo "2620"]
[PlyCount "121"]
[EventDate "1991.01.08"]

1. d4 Nf6 2. c4 g6 3. Nc3 d5 4. Nf3 Bg7 5. Qb3 dxc4 6. Qxc4 O-O 7. e4 a6 8. e5
b5 9. Qb3 Nfd7 10. Be3 Nb6 11. a4 Be6 12. Qd1 b4 13. Ne4 Bd5 14. Bd3 f5 15.
exf6 exf6 16. O-O a5 17. Re1 N8d7 18. Bf4 c6 19. Rc1 Re8 20. Qc2 Nf8 21. Nc5
Ra7 22. Nd2 Rxe1+ 23. Rxe1 Re7 24. Re3 Bf7 25. Nc4 Rxe3 26. Bxe3 Nd5 27. Nb7
Qc7 28. Nbxa5 Nxe3 29. fxe3 c5 30. dxc5 Qxc5 31. Nb7 Qa7 32. Nbd6 Be6 33. Nb5
Qc5 34. Nd4 Bf7 35. Nd2 Qe5 36. Nf1 Bh6 37. Kh1 Bxe3 38. Nf3 Qf4 39. Nxe3 Qxe3
40. Bc4 Ne6 41. a5 Kg7 42. a6 Nd4 43. Qd2 Qxd2 44. Nxd2 Nc6 45. Kg1 f5 46. Kf2
Kf6 47. Bxf7 Kxf7 48. Nf3 Ke6 49. Nd4+ Kd5 50. Nb5 Kc4 51. a7 Nxa7 52. Nxa7 Kd3
53. Nc6 b3 54. Na5 Kc2 55. Ke3 Kxb2 56. Kf4 Kc3 57. Nxb3 Kxb3 58. Kg5 Kc4 59.
Kh6 f4 60. h4 Kd3 61. Kxh7 1-0

[Event "XXXIII Torneo A2 di Capodanno"]
[Site "Reggio nell'Emilia ITA"]
[Date "1991.01.12"]
[Round "5"]
[White "Romanishin, Oleg M."]
[Black "Gulko, Boris F."]
[Result "1-0"]
[WhiteElo "2610"]
[BlackElo "2575"]
[PlyCount "77"]
[EventDate "1991.01.08"]

1. d4 Nf6 2. Nf3 g6 3. c4 Bg7 4. g3 c6 5. Nc3 d5 6. Qb3 dxc4 7. Qxc4 O-O 8. Bg2
Na6 9. O-O Bf5 10. Ne5 Be6 11. Qa4 Qc8 12. Rd1 Nd7 13. Nxd7 Bxd7 14. Qa3 Re8
15. Bg5 Bf8 16. d5 Nc7 17. Qb3 cxd5 18. Nxd5 Bc6 19. e4 Ne6 20. Be3 b6 21. Rac1
Qb7 22. e5 Rac8 23. Rxc6 Qxc6 24. Nxb6 Qc7 25. Nxc8 Rxc8 26. Rc1 Qxc1+ 27. Bxc1
Nd4 28. Qd3 Rxc1+ 29. Bf1 Nc6 30. Qe3 Rc2 31. Bb5 e6 32. Bxc6 Rxc6 33. Qxa7 Rc2
34. Qb8 Kg7 35. Qb3 Rc1+ 36. Kg2 Bc5 37. a4 Bd4 38. a5 Bxe5 39. Qe3 1-0

[Event "XXXIII Torneo A2 di Capodanno"]
[Site "Reggio nell'Emilia ITA"]
[Date "1991.01.18"]
[Round "11"]
[White "Epishin, Vladimir V."]
[Black "Portisch, Lajos"]
[Result "1/2-1/2"]
[WhiteElo "2620"]
[BlackElo "2590"]
[PlyCount "71"]
[EventDate "1991.01.08"]

1. e4 c5 2. Nf3 d6 3. d4 cxd4 4. Nxd4 Nf6 5. Nc3 a6 6. Bg5 e6 7. f4 Qb6 8. Nb3
Be7 9. Qf3 Qc7 10. O-O-O Nbd7 11. Qg3 h6 12. Bxf6 Bxf6 13. e5 dxe5 14. Ne4 exf4
15. Nxf6+ gxf6 16. Qg7 Rf8 17. Nd4 Nb6 18. Be2 Bd7 19. Qxf6 Rc8 20. Bf3 Nc4 21.
Kb1 e5 22. Rhe1 Ne3 23. c3 Rd8 24. Nc2 Nxd1 25. Bh5 Ne3 26. Nxe3 fxe3 27. Rxe3
Bf5+ 28. Qxf5 Rd6 29. Qxe5+ Kd8 30. Qg7 Re8 31. Rxe8+ Kxe8 32. Qg8+ Kd7 33.
Qxf7+ Kc6 34. Bf3+ Kb6 35. Qxc7+ Kxc7 36. Kc2 1/2-1/2

[Event "XXXIII Torneo A2 di Capodanno"]
[Site "Reggio nell'Emilia ITA"]
[Date "1991.01.18"]
[Round "11"]
[White "Ljubojevic, Ljubomir"]
[Black "Vaganian, Rafael A."]
[Result "1/2-1/2"]
[WhiteElo "2590"]
[BlackElo "2585"]
[PlyCount "43"]
[EventDate "1991.01.08"]

1. d4 Nf6 2. c4 e6 3. Nf3 b6 4. g3 Ba6 5. b3 Bb4+ 6. Bd2 Be7 7. Bg2 d5 8. cxd5
exd5 9. O-O O-O 10. Nc3 Bb7 11. Qc2 Na6 12. Rfd1 c5 13. Bg5 h6 14. Bxf6 Bxf6
15. Rac1 Qe7 16. e3 Rfd8 17. Qb2 Nc7 18. a3 Ne6 19. b4 cxd4 20. Nxd4 Nxd4 21.
exd4 Qd7 22. h4 1/2-1/2

[Event "XXXIII Torneo A2 di Capodanno"]
[Site "Reggio nell'Emilia ITA"]
[Date "1991.01.19"]
[Round "12"]
[White "Gulko, Boris F."]
[Black "Romanishin, Oleg M."]
[Result "1-0"]
[WhiteElo "2575"]
[BlackElo "2610"]
[PlyCount "97"]
[EventDate "1991.01.08"]

1. e4 e5 2. Nf3 Nc6 3. Bb5 a6 4. Ba4 Nf6 5. O-O Be7 6. Re1 b5 7. Bb3 d6 8. c3
O-O 9. d4 Bg4 10. Be3 Bh5 11. h3 Bg6 12. Nbd2 Nxe4 13. Bd5 Nxd2 14. Bxd2 Qd7
15. dxe5 dxe5 16. Bxc6 Qxc6 17. Nxe5 Qd6 18. Bf4 Qf6 19. Bg3 Rfe8 20. Nxg6 hxg6
21. Bxc7 Bc5 22. Qd2 Re7 23. Bg3 Rae8 24. Rxe7 Qxe7 25. Rd1 b4 26. cxb4 Bxb4
27. Qc2 Qe6 28. a3 Be7 29. b4 Rc8 30. Qb1 Bf6 31. Rc1 Rd8 32. Qc2 Bg5 33. Rd1
Rc8 34. Qd3 Bf6 35. a4 Rc3 36. Qd5 Rc1 37. Kh2 Rxd1 38. Qxd1 Be7 39. b5 axb5
40. axb5 Bc5 41. Qd8+ Kh7 42. Qc7 Bd4 43. Qd6 Qxd6 44. Bxd6 Bxf2 45. Bc7 Be1
46. b6 Ba5 47. Bd8 Bb4 48. Bh4 f5 49. Bg3 1-0

[Event "XXXIII Torneo A2 di Capodanno"]
[Site "Reggio nell'Emilia ITA"]
[Date "1991.01.19"]
[Round "12"]
[White "Portisch, Lajos"]
[Black "Ljubojevic, Ljubomir"]
[Result "1/2-1/2"]
[WhiteElo "2590"]
[BlackElo "2590"]
[PlyCount "27"]
[EventDate "1991.01.08"]

1. d4 Nf6 2. c4 e6 3. Nf3 b6 4. e3 Bb7 5. Bd3 d5 6. O-O Nbd7 7. b3 Bd6 8. Bb2
Ne4 9. Qc2 Qe7 10. b4 Bxb4 11. cxd5 exd5 12. Qxc7 Ndf6 13. Rc1 Bd6 14. Qxe7+
1/2-1/2

[Event "XXXIII Torneo A2 di Capodanno"]
[Site "Reggio nell'Emilia ITA"]
[Date "1991.01.20"]
[Round "13"]
[White "Romanishin, Oleg M."]
[Black "Vaganian, Rafael A."]
[Result "1/2-1/2"]
[WhiteElo "2610"]
[BlackElo "2585"]
[PlyCount "32"]
[EventDate "1991.01.08"]

1. d4 Nf6 2. c4 e6 3. Nf3 d5 4. Nc3 Be7 5. Bg5 O-O 6. e3 h6 7. Bh4 b6 8. Bd3
Bb7 9. O-O Nbd7 10. Qe2 Ne4 11. Bg3 Ndf6 12. Rfd1 c5 13. cxd5 exd5 14. dxc5
Nxc3 15. bxc3 Bxc5 16. Nd4 Qe7 1/2-1/2